000 00342 a2200169 4500
001 185098
020 _a85-08-03880-1
040 _cMagnum
100 _aSabino, Fernando
240 1 0 _aO bom ladrão
_lpor
245 1 0 _aO bom ladrão
300 _a88
362 0 _a1991
440 1 _aÁtica
697 _aLITERATURA GERAL
942 _cBK
999 _c185098
_d185098